Complete the Card - WWE Unforgiven 2002 - Statistics

General Stats
  • This quiz has been taken 191 times
  • The average score is 21 of 24
Answer Stats
Answer % Correct
Triple H
99%
The Undertaker
98%
Brock Lesnar
97%
Kane
97%
Trish Stratus
96%
Chris Jericho
94%
Rob Van Dam
94%
Bubba Ray Dudley
93%
Christian
93%
Kurt Angle
93%
Chris Benoit
89%
Edge
88%
Booker T
87%
Eddie Guerrero
87%
Lance Storm
85%
Molly Holly
83%
Test
81%
William Regal
81%
Goldust
80%
Ric Flair
79%
Billy
69%
Chuck
69%
Rosey
63%
Jamal
61%
No matching quizzes found
Score Distribution
Percent of People with Each Score
Percentile by Number Answered
Your Score History
You have not taken this quiz